000 00288nam a22001097a 4500
008 230704b xxu||||| |||| 00| 0 eng d
082 _a341.08
_bTIT 1960
245 _aSurvey of International Affairs 1955-1956
260 _bOxford University Press
_c1960
300 _a327p
942 _2ddc
_cBK
999 _c3721
_d3721